000 00469nam a2200169Ia 4500
008 210210b2006 xxu||||| |||| 00| 0 eng d
020 _a81 224 1808 2
082 _a546 CHAC
100 _aCHANDRA (Sulekh).
245 _aComprehensive inorganic chemistry. Vol 2.
260 _aNew Delhi
_bNew Age International (P) Limited, Publishers
_c2006
300 _a281
440 _a2
650 _aInorganic Chemistry
690 _aInorganic Chemistry
906 _a061442
999 _c108467
_d108467